01124cam a22002895a 4500999001700000005001700017008004100034020001500075020001500090020001800105040004300123082001900166245009100185260006400276300004400340490005200384504005100436650003300487650003100520650004300551651001000594653002200604700003900626700004000665942000800705952012100713 c27422d2739320190520102808.0030226t2003 nhua grb 001 0 eng d a1578082846 a157808010X a9781578082841 aDLCbengcDLCdDLCdEG-ScBUEdEG-ScBUE04a660.6bBIO22200aBiomaterials and bioprocessing /ceditors Milton Fingermnan, Rachakonda Nagabhushanam. aEnfield, NH ;aPlymouth, UK :bScience Publishers,cc.2003. ax, 385 p. :bill. (some col.) ;c24 cm.0 aRecent Advances in Marine Biotechnology ;vv. 9 aIncludes bibliographical references and index. 7aMarine biotechnology.2BUEsh 7aBiopolymers.2BUEsh940064 7aBiochemical engineering.2BUEsh919460 2BUEsh bENGCHEcApril20191 aFingerman, Milton,d1928-teditor.1 aNagabhushanam, Rachakonda,teditor. 2ddc 00102ddc40708Donation-GaMAINbMAINc1STd2019-04-23eDonationl0o660.6 BIOp000043515r2025-07-15 00:00:00yBB